000 00789cam a2200241 a 4500
001 000009393
005 20200929161558.0
008 890609s1986 ck 000 j spa
020 _a9586120139
035 _a(DLC) 88889431
040 _aDO-SdBNP
_cDLC
_dDLC
082 _aC863.44
_bA282n
100 1 _aAgudelo Tenorio, Felipe,
_d1955-
_924177
245 1 4 _aLas noches del búho /
_cFelipe Agudelo Tenorio.
260 _aBogotá, (Colombia) :
_bInstituto Colombiano de Cultura :
_bSubdireccion de Comunicaciones Culturales,
_c1986.
300 _a106 p. ;
_c17 cm.
490 1 _aPopular
_v3/5
650 4 _aCuentos colombianos
_921475
650 4 _aLiteratura colombiana
_ySIGLO XX
_914409
830 0 _aPopular ;
_v3/ 5
_913374
910 _aCatalogación por copia / LC
049 _aBNGR
999 _c9153
_d9153